| 000 | 01182cam a22001934a 4500 | ||
|---|---|---|---|
| 005 | 20250605164358.0 | ||
| 008 | 250528s ||||||||||||||||||||||||d | ||
| 035 | _a24444 | ||
| 040 |
_aGR-AtMCL _bgre _dGR-AtMCL _eAACR2 |
||
| 245 | 1 | _aLacta με Λιοντάρι: Η Γλυκιά Γεύση της Μεγάλης Επιτυχίας | |
| 260 | _c2016 | ||
| 300 | _a34 | ||
| 520 | _aΠεριεχόμενο και Storytelling είναι στο DNA των Δημοσίων Σχέσεων, IAB Hellas: Πτώση 13% στη Δαπάνη Digital Display to 2015, ICEEfest 2016: Τα Highlights από το Δημοφιλές Φεστιβάλ του Digital Marketing, Programmatic Advertising Conference '16: Η Αγορά Περνά στη Φάση της Ωριμότητας, Αποστάγματα: Επενδύοντας στη '΄Φρέσκια' Εικόνα και την Εξωστρέφεια, Αεροπικές Εταιρίες: Στροφή στις Βιωματικές Διαδραστικές Εμπειρίες. | ||
| 700 | 1 |
_aΚορδελάς Δημήτρης _99464 |
|
| 942 | _cCR | ||
| 710 | 2 |
_aThe Marketing Week _99825 |
|
| 999 |
_c9325 _d9325 |
||